Devinez le Pokémon #5 - Statistiques

Statistiques générales
  • Ce quiz a été pris 103 fois
  • Le résultat moyen est 14 sur 20
Statistiques - réponses
Par images Réponse % Correct
Azumarill
93%
Alakazam
91%
Porygon-Z
90%
Flamajou
87%
Entei
85%
Deoxys
84%
Manaphy
82%
Embrylex
81%
Chinchidou
76%
Polarhume
76%
Hélédelle
70%
Némélios
69%
Vostourno
67%
Malamandre
56%
Roussil
54%
Sarmuraï
51%
Courrousinge
45%
Toutombe
44%
Khélocrok
30%
Délestin
20%
Aucun quiz correspondant
Distribution des résultats
% des personnes avec chaque résultat
Percentile par nombre de réponses
Votre historique - résultats
Vous n’avez pas pris ce quiz